Verejné rozpočty na rok 2001
Z obsahu: Rozpočty verejných financií schválil parlament s rekordne pružným schodkom. Štát konzervuje štruktúru výdavkov. Rozpočtové príjmy sú podhodnotené o miliardy korún. Štát preberá ochranu nad Sociálnou poisťovňou. Brzdenie reformy zvyšuje deficit zdravotných poisťovní. Štátne fondy pohltí úst...
Gespeichert in:
| Format: | Buchkapitel |
|---|---|
| Sprache: | Slowakisch |
| Schlagworte: | |
| Tags: |
Keine Tags, Fügen Sie das erste Tag hinzu!
|
MARC
| LEADER | 00000naa a2200000 4500 | ||
|---|---|---|---|
| 001 | r040364 | ||
| 005 | 20230921111147.6 | ||
| 041 | 0 | |a slo | |
| 044 | |a SK | ||
| 245 | 1 | 0 | |a Verejné rozpočty na rok 2001 |
| 520 | |a Z obsahu: Rozpočty verejných financií schválil parlament s rekordne pružným schodkom. Štát konzervuje štruktúru výdavkov. Rozpočtové príjmy sú podhodnotené o miliardy korún. Štát preberá ochranu nad Sociálnou poisťovňou. Brzdenie reformy zvyšuje deficit zdravotných poisťovní. Štátne fondy pohltí ústredný rozpočet. FNM bude žiť výlučne z privatizačných výnosov. Bratislava sa neplánuje ďalej zadlžovať. Košice hľadia do úverovej priepasti. Sadzby poistného do verejných fondov. | ||
| 610 | 2 | 0 | |a rozpočty verejné |
| 610 | 2 | 0 | |a financie verejné |
| 610 | 2 | 0 | |a výdavky |
| 610 | 2 | 0 | |a príjmy |
| 610 | 2 | 0 | |a štát |
| 610 | 2 | 0 | |a správa verejná |
| 610 | 2 | 0 | |a výdavky rozpočtu štátneho |
| 610 | 2 | 0 | |a príjmy rozpočtu štátneho |
| 610 | 2 | 0 | |a privatizácia |
| 610 | 2 | 0 | |a poistné |
| 610 | 2 | 0 | |a fondy verejné |
| 610 | 2 | 0 | |a dlhy |
| 610 | 2 | 0 | |a Slovensko |
| 610 | 2 | 0 | |a FNM SR Bratislava |
| 610 | 2 | 0 | |a 2001 |